[Event "Biel Chess Festival 2024 - Master tournament"]
[Site "Biel/Bienne"]
[Date "2024.07.20"]
[Round "6"]
[Board "62"]
[White "Malli, Shiivesh Sunil"]
[Black "Selinga, Jan"]
[Result "1-0"]
[WhiteElo "1916"]
[BlackElo "2023"]
[PlyCount "0"]
[EventDate "2024.07.15"]
[EventRounds "10"]
[EventCountry "SUI"]

1. c4 c6 2. Nc3 Nf6 3. g3 d5 4. cxd5 cxd5 5. d4 Nc6 6. Bg2 Bf5 7. Nf3 e6 8. a3 Bd6
9. O-O h6 10. b4 Rc8 11. Bb2 Qe7 12. Rc1 O-O 13. Na4 b6 14. Nc3 Bxb4 15. axb4 Qxb4
16. Ba1 b5 17. e3 Na5 18. Nd2 Bd3 19. Re1 Qe7 20. Nb3 Nxb3 21. Qxb3 Bc4 22. Qb1 b4
23. Na4 Qb7 24. Nc5 Qb5 25. Bf1 Bxf1 26. Rxf1 a5 27. Qb2 Ra8 28. Rb1 Rfb8 29. Qc1
Ne8 30. e4 Nd6 31. exd5 exd5 32. Qf4 Nc4 33. Rfe1 Re8 34. Kg2 a4 35. Bc3 b3 36. Rxe8+
Rxe8 37. Qf3 Nb6 38. Bb2 Re2 39. Qf5 Rc2 40. Bc1 Re2 41. Qf3 Re1 42. Nd3 Re4 43.
Bb2 Nc4 44. Ne5 Nxe5 45. dxe5 Re2 46. Rc1 Rc2 47. Rxc2 bxc2 48. Qc3 Qe2 49. e6 Qe4+
50. Kg1 f6 51. Qe3 Qg6 52. e7 Qe8 53. Qe6+ Kh7 54. Ba3 Kg6 55. Kg2 d4 56. Qe4+ Kf7
57. Qxc2 Qa8+ 58. Kg1 Qd5 59. Qxa4 Qe4 60. Qc4+ Kg6 61. Bb4 Qb1+ 62. Qf1 Qe4 63.
Qe1  1-0